| 000 | 00549nam a22001697a 4500 | ||
|---|---|---|---|
| 005 | 20251108172046.0 | ||
| 008 | 250721s1994 xx 000 0 ara d | ||
| 082 | 1 | 4 | _a347.920962/أحم |
| 100 | 1 | _aمليجي، أحمد | |
| 245 | 1 | 0 | _aالتنفيذ وقفا لنصوص قانون المرافعات معلقا عليها باراء ..... / |
| 264 | 1 |
_aالقاهرة : _bدار النهضة العربية، _c1994. |
|
| 300 | _a1055ص | ||
| 650 | 1 | 7 | _aقانون المرافعات |
| 650 | 1 | 7 | _aمصر |
| 942 |
_2ddc _cBK |
||
| 999 |
_c69371 _d69371 |
||